El Comercio agrícola intra y extrarregional 1969-1974

Comportamiento del comercio exterior de productos agrícolas centroamericanos analizando importaciones de y hacia terceros paises 1969-1974, estudia el valor de lass importaciones y exportaciones de productos agrícolas a nivel regional y por país, y el valor del comercio agrícola centroamericano a ni...

Полное описание

Сохранить в:
Библиографические подробности
Соавтор: SIECA
Формат: Текст
Опубликовано: Guatemala: SIECA. INTAGRO
Предметы:
Метки: Добавить метку
Нет меток, Требуется 1-ая метка записи!

MARC

LEADER 00000 a a2200000 04500
001 19867
003
040
090 |a 080503  
110 |a SIECA  
245 |a El Comercio agrícola intra y extrarregional 1969-1974  
260 |a Guatemala:   |b SIECA. INTAGRO  
300 |a 169 p.; v. 3  
520 |a Comportamiento del comercio exterior de productos agrícolas centroamericanos analizando importaciones de y hacia terceros paises 1969-1974, estudia el valor de lass importaciones y exportaciones de productos agrícolas a nivel regional y por país, y el valor del comercio agrícola centroamericano a nivel de productos: agrícolas, pecuarios, forestales y marinos, tanto no elaborados como elaborados o procesados./ACM  
650 |a AMERICA CENTRAL  
650 |a MCCA  
650 |a INTEGRACION ECONOMICA  
650 |a PRODUCCION AGRICOLA  
650 |a IMPORTACIONES  
650 |a EXPORTACIONES  
650 |a PUB. SIECA  
999 |c 15681  |d 15681